000 00410pab a2200169 454500
008 180718b2014 xxu||||| |||| 00| 0 eng d
100 _aBandi, Madhusudan
245 _aForest rights act: Towards the end of struggle for tribals?
260 _c2014
300 _ap.63-81.
362 _aJan-Feb
650 _aTribes
650 _aForests
773 _aSocial Scientist
908 _aN
909 _a103981
999 _c103977
_d103977